Culture générale - Quiz #49 - Statistiques

Statistiques générales
  • Ce quiz a été pris 69 181 fois
  • Le résultat moyen est 10 sur 20
Statistiques - réponses
Question Réponse % Correct
Quel type d'oiseau symbolise la paix ? La colombe
97%
Quel petit pays est célèbre pour être le pays natal de nombreux champions du 100 mètres ? Jamaïque
78%
De quelle langue vient le mot "Shalom" ? Hébreu
73%
Quelle est la fontaine la plus célèbre de Rome ? La fontaine de Trevi
67%
Quelle boisson d'origine taïwanaise est composée de thé sucré et de boules de tapioca ? Thé aux perles
66%
De qui la laie est-elle la femelle ? Du sanglier
60%
Quel est la véritable identité de Batman ? Bruce Wayne
59%
Combien de nanosecondes y a-t-il dans une minute ? 60 milliards
55%
Qui vit au Palais apostolique ? Le pape
54%
Quel sportif est né le 5 février 1985, à Funchal, sur l'île de Madère ? Cristiano Ronaldo
50%
Quel acteur a notamment eu pour compagnes Romy Schneider, Mireille Darc et Dalida ? Alain Delon
45%
Dans quel pays actuel la France réalisa-t-elle ses premiers essais nucléaires ? Algérie
45%
Qu'est-ce que Jeanne d'Arc, la reine Elisabeth I ou Isaac Newton n'auraient jamais perdu contrairement à la plupart des humains ? Leur virginité
44%
Dans quel film peut on voir les personnages de Thérèse, Zézette et Félix ? Le père Noël est une ordure
42%
Qui est l'actrice principale du film "Titanic" ? Kate Winslet
40%
Quel homme politique a introduit le Glasnost et la Perestroïka ? Mikhail Gorbatchev
40%
Quel nom désigne un coq castré afin d'améliorer ses qualités gustatives ? Chapon
39%
Quel constructeur automobile de luxe a son siège social à Molsheim, dans le Bas-Rhin ? Bugatti
37%
Quel terme évoque à la fois à une espèce d'oiseau et un archipel au large de l'Afrique ? Canari(es)
31%
Dans quelle ville se trouve le "Grand bazar", visité par plus de 250 000 visiteurs par jour en moyenne ? Istanbul
25%
Aucun quiz correspondant
Distribution des résultats
% des personnes avec chaque résultat
Percentile par nombre de réponses
Votre historique - résultats
Vous n’avez pas pris ce quiz